000 00322nom a2200121 4500
001 0000018671
005 20151217152132.0
008 100323s xx --- bneng d
020 _c$
245 _aKabarak University New Library Building
_h[kit] :
_b13th September 2006.
908 _a100323
999 _c8614
_d8614